00368nam a2200145Ia 4500003000400000005001700004008004100021040000900062082002000071100002200091245003900113260004800152300000900200650001300209OSt20201215144354.0190216s9999||||xx |||||||||||||| ||und|| coclc a894.8124bNAM/A aNamboodiri, A P P 0aAbhiveekshanam /cA P P Namboodiri bLakshmi printing house ,aKozhikode;c1980. a144p aLekhanam